Sports Quiz

Random Sports or Athletes Quiz

AP Male Athlete (OTY) Quiz Stats

 Plays Quiz Updated Jan 11, 2021

Support Sporcle.
Go Orange.
Score 0/90 Timer 08:00
0 Plays Today
Year Athlete % Correct
1997Tiger Woods
95.2%
1999Tiger Woods
95.2%
2000Tiger Woods
95.2%
2006Tiger Woods
95.2%
2008Michael Phelps
94.2%
2002Lance Armstrong
93.5%
2003Lance Armstrong
93.5%
2004Lance Armstrong
93.5%
2005Lance Armstrong
93.5%
2018LeBron James
92.9%
2016LeBron James
92.3%
2020LeBron James
90.9%
2012Michael Phelps
90.3%
2013LeBron James
89.1%
1992Michael Jordan
86.2%
1991Michael Jordan
86.2%
1993Michael Jordan
86.2%
1996Michael Johnson
80.7%
2007Tom Brady
79.9%
1987Ben Johnson
78.8%
1960Rafer Johnson
78.7%
2015Stephen Curry
76.2%
1974Muhammad Ali
69.8%
2001Barry Bonds
66.8%
1998Mark McGwire
56.9%
2019Kawhi Leonard
55.4%
2009Jimmie Johnson
53.7%
1982Wayne Gretzky
53.6%
1983Carl Lewis
50.5%
1984Carl Lewis
50.5%
Year Athlete % Correct
1989Joe Montana
50%
1990Joe Montana
50%
1956Mickey Mantle
49.3%
1986Larry Bird
48.7%
2011Aaron Rodgers
46%
1972Mark Spitz
44.7%
1957Ted Williams
42.7%
1941Joe DiMaggio
41.9%
1966Frank Robinson
37.1%
1981John McEnroe
36.3%
1954Willie Mays
34.5%
1936Jesse Owens
34.2%
1995Cal Ripken, Jr.
31.8%
1961Roger Maris
31.7%
1994George Foreman
28.1%
2017José Altuve
27.1%
1963Sandy Koufax
24.4%
1965Sandy Koufax
24.4%
1980U.S. Olympic hockey team
24.3%
1953Ben Hogan
23.6%
1973O.J. Simpson
20%
2010Drew Brees
19.1%
1935Joe Louis
18.6%
2014Madison Bumgarner
15.5%
1967Carl Yastrzemski
15.5%
1976Caitlyn Jenner
13.1%
1979Willie Stargell
12.7%
1969Tom Seaver
12.4%
1946Glenn Davis
11.7%
1988Orel Hershiser
11%
Year Athlete % Correct
1971Lee Trevino
11%
1985Dwight Gooden
10.9%
1944Byron Nelson
10%
1945Byron Nelson
10%
1931Pepper Martin
8.7%
1968Denny McLain
8.6%
1978Ron Guidry
5.8%
1934Dizzy Dean
5.5%
1932Gene Sarazen
5.4%
1975Fred Lynn
5.3%
1977Steve Cauthen
4.5%
1937Don Budge
4.5%
1938Don Budge
4.5%
1962Maury Wills
3.2%
1933Carl Hubbell
3.1%
1940Tom Harmon
3.1%
1970George Blanda
2.3%
1948Lou Boudreau
2.2%
1939Nile Kinnick
2.1%
1947Johnny Lujack
2.1%
1952Bob Mathias
2%
1964Don Schollander
1.9%
1949Leon Hart
1.8%
1959Ingemar Johansson
1.8%
1955Howard 'Hopalong' Cassady
1.6%
1950Jim Konstanty
1.4%
1942Frank Sinkwich
1%
1943Gunder Hägg
1%
1951Dick Kazmaier
0.9%
1958Herb Elliott
0.9%

From the Vault

Same Date Holidays

by Scott

Holiday 2m
We just happen to like holidays that stay consistent. Unlike Thanksgiving which just shows up whenever it feels like.
Remove Ads.
Support Sporcle.
Get the best of Sporcle when you Go Orange. This ad-free experience offers more features, more stats, and more fun while also helping to support Sporcle. Thank you for becoming a member.

Show Comments

Extras

Top Quizzes Today


Score Distribution

Your Account Isn't Verified!

In order to create a playlist on Sporcle, you need to verify the email address you used during registration. Go to your Sporcle Settings to finish the process.

Report this User

Report this user for behavior that violates our Community Guidelines.

Details: